000 00479cam a22001934a 4500
005 20250605164152.0
008 250528s ||||||||||||||||||||||||d
035 _a19421
020 _a9604059238
040 _aGR-AtMCL
_bgre
_dGR-AtMCL
_eAACR2
245 1 _aWINDOWS NT 4: ΤΟ ΒΙΒΛΙΟ ΤΟΥ ΔΙΑΧΕΙΡΙΣΤΗ
250 _a1
260 _bΊων,
_c1999
300 _a342
700 1 _aTaylor Paul
_95668
942 _cBK
999 _c4677
_d4677